TCP/IP : Illustrated VOL-2,The Implementation (Record no. 840750)

MARC details
000 -LEADER
fixed length control field 00363pam a2200133 a 4500
020 ## - INTERNATIONAL STANDARD BOOK NUMBER
Terms of availability
041 ## - LANGUAGE CODE
Language code of original
082 ## - DEWEY DECIMAL CLASSIFICATION NUMBER
Classification number 4.6
100 ## - MAIN ENTRY--PERSONAL NAME
Personal name WRIGHT (G.R.) / STEVENS (W.R.)
Relator term author
245 ## - TITLE STATEMENT
Title TCP/IP : Illustrated VOL-2,The Implementation
Medium Textual Document
260 ## - PUBLICATION, DISTRIBUTION, ETC.
Name of publisher, distributor, etc. Shiva Institute of Management Studies Ghaziabad
Date of publication, distribution, etc. 2000
300 ## - PHYSICAL DESCRIPTION
Extent XXII,1174
930 ## - EQUIVALENCE OR CROSS-REFERENCE-UNIFORM TITLE HEADING [LOCAL, CANADA]
Uniform title 9992
Holdings
Withdrawn status Lost status Damaged status Not for loan Collection Home library Current library Date acquired Cost, normal purchase price Total Checkouts Full call number Barcode Date last seen Copy number Price effective from Koha item type
          Institute of Management & Research, New Delhi Institute of Management & Research, New Delhi 27/02/2001 495.00   4.6 IMD-26PB0007341 17/08/2023 3 17/08/2023 Book
          Institute of Management & Research, New Delhi Institute of Management & Research, New Delhi 27/02/2001 495.00   4.6 IMD-26PB0007340 17/08/2023 2 17/08/2023 Book
          Institute of Management & Research, New Delhi Institute of Management & Research, New Delhi 27/02/2001 495.00   4.6 IMD-26PB0007339 17/08/2023 1 17/08/2023 Book